| 000 | 00984nam a22003017a 4500 | ||
|---|---|---|---|
| 001 | 5189 | ||
| 003 | FISKH | ||
| 005 | 20250805100231.0 | ||
| 008 | 241118b cb ||||| |||| 00| 0 eng d | ||
| 020 | _a0439418879 | ||
| 040 |
_aFISKH _beng _cFISKH _dFISKH |
||
| 050 | _aPZ7.S98325 | ||
| 082 | _a398.24 | ||
| 100 |
_aSykes, Julie _d(1963-) |
||
| 245 |
_aThat's not fair, hare! / _cJulie Sykes Illustrated by Tim Warnes |
||
| 250 | _aFirst printing in 2002 | ||
| 260 |
_aNew York : _bScholastic, _c2002. |
||
| 300 |
_a26 pages : _bColor illustrations ; _c23 cm |
||
| 505 | _aN | ||
| 520 | _aA greedy hare insists on eating more than his share of the cabbages and proposes a race to decide who should have them all, while Muggs the turtle only wants what is fair. | ||
| 521 | 8 |
_a590L
_bLexile |
|
| 521 | 8 |
_aN
_bRaz-Plus |
|
| 650 |
_2Animals _aCheating |
||
| 650 |
_2Picture book _aFiction |
||
| 700 |
_aWarnes, Tim _dIllustrator |
||
| 942 |
_2ddc _cBK _n0 |
||
| 999 |
_c5189 _d5189 |
||